| 000 | 00688nam a2200229Ia 4500 | ||
|---|---|---|---|
| 003 | GCL | ||
| 008 | 140319s9999 xx 000 0 ara d | ||
| 040 |
_aGCL / _cGCL |
||
| 082 | 0 | 4 |
_a635.9 _bا ا |
| 100 | 1 | _aابوالدهب محمد ابوالدهب | |
| 245 | 1 | 0 |
_aانتاج نباتات الزينة / _cابوالدهب محمد ابوالدهب |
| 260 |
_a[S.N] : _bدار المريخ للنشر |
||
| 300 | _a608 ص | ||
| 490 | _a | ||
| 650 | 0 | 4 | _aالنباتات |
| 650 | 0 | 4 | _aالزهور |
| 650 | 0 | 4 | _aنباتات الزينة |
| 650 | 0 | 4 | _aتنسيق الحدائق |
| 650 | 0 | 4 | _aالجذور |
| 650 | 0 | 4 | _aالنباتات المستديمة |
| 942 |
_2ddc _cBK |
||
| 999 |
_c30409 _d30409 |
||